000 00393nam a22001571a 4500
020 _a9788122610857
082 _aM3
_bNAD/C
100 _aNadhan P R
_9150573
245 _aChaata/
_cby Nadhan P R
260 _aThrissur:
_bCurrent Books,
_c2013.
300 _a144p.
650 _aNovel Malayalam
_9150574
650 _aLiterature Malayalam
_9150575
650 _aLiterature
_9150576
942 _cBK
999 _c6882
_d6882